Imagen de José Martí en don Fernando de Los Ríos / (Registro nro. 14054)

Detalles MARC
000 -LIDER
fixed length control field 01486nam a2200349 a 4500
001 - NÚMERO DE CONTROL
Identificador de número de control 000014203
003 - IDENTIFICACDOR DE NÚMERO DE CONTROL
control field DO-SdBNP
005 - DATE AND TIME OF LATEST TRANSACTION
control field 20220309125128.0
007 - CAMPOS FIJOS DE DESCRIPCIÓN FÍSICA
fixed length control field ta
008 - ELEMENTOS DE LONGITUD FIJA
fixed length control field 091207s2003 dr 000 0aspa d
040 ## - FUENTE DE CATALOGACIÓN
Agencia que crea de manera original el registro DO-SdBNP
Idioma de catalogación spa
Agencia que realiza la transcripción BPMSU
082 #4 - NÚMERO DE CLASIFICACIÓN DECIMAL DE DEWEY
Classification number 920.71
Item number M378F 2003
Edition number 22
100 1# - ASIENTO PRINCIPAL -- NOMBRE PERSONAL
Nombre personal Ferrer Canales, José
245 10 - MENCIÓN DE TITULO
Título Imagen de José Martí en don Fernando de Los Ríos /
Mención de responsabilidad José Ferrer Canales ; director Diógenes Céspedes ; introducción Carmen Durán.
260 ## - PUBLICACIÓN, DISTRIBUCIÓN, ETC. (PIE DE IMPRENTA)
Lugar de publicación, distribución, etc Santo Domingo :
Nombre del editor, distribuidor, etc. Biblioteca Nacional Pedro Henríquez Ureña,
Fecha de publicación, distribución, etc 2003.
300 ## - DESCRIPCIÓN FÍSICA
Extensión 26 p. ;
Dimensiones 19 cm.
490 0# - MENCIÓN DE SERIES
Mención de serie Biblioteca Nacional "Pedro Henríquez Ureña" ;
-- Monografía,
Volume/sequential designation 4
500 ## - NOTA GENERAL
Nota general Incluye datos biográficos del autor en la contracubierta.
500 ## - NOTA GENERAL
Nota general Monografía 4 "Para la Libertad"
504 ## - NOTA DE BIBLIOGRAFÍA, ETC.
Bibliography, etc Incluye referencias bibliográficas y notas al pie de las páginas
505 0# - NOTA DE CONTENIDO
Texto normalizado de contenido Duarte y Martí /
Mención de responsabilidad Carmen Durán --
Título Imagen de José Martí en don Fernando de Los Ríos.
590 ## - NOTA LOCAL
Enlace Inventariado, 2022/VM
600 14 - ENCABEZAMIENTO DE MATERIA--NOMBRE PERSONAL
Nombre personal Martí, José,
Fechas asociadas con el nombre 1853-1895
Subdivisión temática general Homenajes.
600 14 - ENCABEZAMIENTO DE MATERIA--NOMBRE PERSONAL
Nombre personal Rios Urruti, Fernando de los,
Fechas asociadas con el nombre 1879-1949
651 #4 - ENCABEZAMIENTO DE MATERIA--NOMBRE GEOGRÁFICO
Nombre geográfico Caribe (Región)
Subdivisión de forma Ensayos, conferencias, etc.
651 #4 - ENCABEZAMIENTO DE MATERIA--NOMBRE GEOGRÁFICO
Nombre geográfico Cuba
Subdivisión de forma Ensayos, conferencias, etc .
700 1# - ASIENTO SECUNDARIO -- NOMBRE PERSONAL
Nombre personal Céspedes, Diógenes,
Fechas asociadas con el nombre 1941-
Mención de responsabilidad dirección
700 1# - ASIENTO SECUNDARIO -- NOMBRE PERSONAL
Nombre personal Durán, Carmen,
Mención de responsabilidad introducción
710 2# - ASIENTO SECUNDARIO -- NOMBRE CORPORATIVO
Nombre corporativo o de jurisdicción Biblioteca Nacional Pedro Henríquez Ureña (República Dominicana)
910 ## - VALIDACIÓN
Validación VMateo V.
942 ## - ADDED ENTRY ELEMENTS (KOHA)
Source of classification or shelving scheme Dewey Decimal Classification
Koha item type Libros
Existencias
Withdrawn status Lost status Source of classification or shelving scheme Damaged status Not for loan Collection code Home library Current library Date acquired Source of acquisition Total Checkouts Full call number Barcode Date last seen Price effective from Koha item type
    Dewey Decimal Classification     Colección Dominicana Biblioteca Pública Metropolitana Salomé Ureña Biblioteca Pública Metropolitana Salomé Ureña 03/09/2022 BNPHU   BPMSU CD 920.71 M378F 2003 BPMSU22030014 03/09/2022 03/09/2022 Libros